| 000 | 00444nam a2200181Ia 4500 | ||
|---|---|---|---|
| 005 | 20240913125733.0 | ||
| 008 | 240913s9999||||xx |||||||||||||| ||und|| | ||
| 041 | _aENGLISH | ||
| 082 | _A658.8 N2 | ||
| 100 | _aDale,Timpe A | ||
| 245 | 4 | _aThe Art and Science of Business management | |
| 250 | _a1st | ||
| 260 |
_c1992 _bJaico,Bombay |
||
| 500 | _aREFERENCE | ||
| 650 |
_aManagement _bManagement Studies |
||
| 942 | _cREF | ||
| 999 |
_c246162 _d246162 |
||